000
00303nam a2200133Ia 4500
100
_a
Smith/C.O
942
_c
BK
654
_a
Engineering
245
_a
The Science of Engineering Materials
260
_b
Prentice Hall of India
_a
NewDelhi
_c
1974
082
_a
620.1
300
_a
404
546
_a
ENGLISH
999
_c
24073
_d
24073